Diccionario biográfico y bibliográfico de Colombia (Registro nro. 306869)

Detalles MARC
000 -ENCABEZADO
Número de control [NR] 01171nam a2200229Ia 4500
005 - FECHA Y HORA DE LA ÚLTIMA TRANSACCIÓN
control field 20170623112311.0
008 - DE LONGITUD FIJA DE DATOS DE ELEMENTOS - INFORMACIÓN GENERAL
Elementos de longitud fija [NR] 130821s1927 ck a|||frd| 0 dspa
040 ## - FUENTE DE CATALOGACION [NR]
Agencia de catalogación original [NR] Co-BoUCM
Idioma de catalogación [NR] spa
Quien Cataloga Sandra Yazo
Quien Clasifica Sandra Yazo
041 00 - CODIGO DE IDIOMA [R]
Código de idioma para texto/pista de sonido o título separado [R] Español
082 04 - NUMERO DE CLASIFICACION DECIMAL DEWEY [R]
Número de clasificación [R] R 920.03
Número de la edición [NR] 20
092 ## - SIGNATURA TOPOGRAFICA LOCAL
Número de clasificación local E35N072
100 1# - ASIENTO PRINCIPAL--NOMBRE PERSONAL [NR]
Nombre personal [NR] Ospina Vallejo, Joaquín
Fechas asociadas con el nombre [NR] 1875-1951
ID Autoridad 86372
245 00 - MENCION DE TITULO [NR]
Título [NR] Diccionario biográfico y bibliográfico de Colombia
Mención de responsabilidad, etc. [NR] por Joaquín Ospina
260 ## - PUBLICACION, DISTRIBUCION, ETC. (PIE DE IMPRENTA) [R]
Lugar de publicación, distribución, etc. [R] Bogotá (Colombia)
Nombre del editor, distribuidor, etc. [R] Editorial de Cromos
Fecha de publicación, distribución, etc. [R] 1927
300 ## - DESCRIPCION FISICA [R]
Extensión [R] 828, [3] páginas
Dimensiones [R] 24 x17 cm.
500 ## - NOTA GENERAL [R]
Nota general [NR] Detalles físicos: Encuadernación rígida en cartón forrado en tela, lomo con datos de publicación en tinta negra, notoria rotura que afecta al lomo y a la tapa delantera. Guardas. Anteportada. Portada impresa en una sola tinta. Texto impreso en una sola columna, algunas fotos de los biografiados en blanco y negro. Ejemplar desencuadernado, varias hojas sueltas y con bordes oxidados. Colección incompleta
505 ## - NOTA DE CONTENIDO CON FORMATO PREESTABLECIDO [R]
Nota de contenido con formato preestablecido [NR] V.1 : A-F
506 ## - NOTA DE RESTRICCIONES DE ACCESO [R]
Condiciones de acceso [NR] Consulta en sala
650 #7 - ASIENTO SECUNDARIO DE MATERIA - TERMINO TEMATICO [R]
Término temático o nombre geográfico como elemento de entrada [NR] Bibliografías
Subdivisión de forma [R] Diccionarios y enciclopedias
9 (RLIN) 10021
690 ## - ASUNTO AGREGADO LOCAL DE ENTRADA - TÉRMINO TEMÁTICO (OCLC, RLIN)
Acceso temático local Biografías
9 (RLIN) 7343
942 ## - ELEMENTOS DE ENTRADA AGREGADOS (KOHA)
Edición 1
Tipo de ítem principal el descrito en 300a Libro
Título oculto en OPAC No
Sistema de clasificación LOCAL
Clasificación E35N072
Existencias
Suprimido Perdido Sistema de clasificación Dañado No prestable Tipo de ítem específico Ubicación habitual Ubicación actual Localización Fecha de creación Forma de adquisición Costo Total préstamos Signatura topográfica Código de barras Última vez visto Ejemplar Price effective from Tipo de ítem
    LOCAL     Libro archivo Archivo Histórico Archivo Histórico Archivo histórico 23/06/2017 Donación 0.00   E35N072 L006325 23/06/2017 Ej.1 23/06/2017 Libro